Holy Books - Statistics

General Stats
  • This quiz has been taken 37 times
  • The average score is 3 of 9
Answer Stats
Hint Answer % Correct
Christianity Bible
100%
Islam Qur'an
91%
Judaism Torah
71%
Hinduism Vedas
20%
Shinto Kojiki
3%
Buddhism Tripitaka
3%
Spritism Gospel
0%
Sikhism Guru Granth Sahib
0%
Rastafari Piby
0%
No matching quizzes found
Score Distribution
Percent of People with Each Score
Percentile by Number Answered
Your Score History
You have not taken this quiz